| 000 | 00578nam a22001937a 4500 | ||
|---|---|---|---|
| 005 | 20260523162941.0 | ||
| 008 | 260523b |||||||| |||| 00| 0 eng d | ||
| 020 |
_a9789386906717 _c1500.00 |
||
| 040 | _aMAIN | ||
| 041 | _aEnglish | ||
| 082 |
_a333.9516095 _bPAN |
||
| 100 |
_aPandey, Sanjeeva _95922 |
||
| 245 |
_aGreat Himalayan National Park _b: The Struggle To Save The Western Himalayas |
||
| 260 |
_aNew Delhi _bNiyogi Books _c2019 |
||
| 300 | _a364 | ||
| 650 |
_aUttarakhand Collection; Himalaya Collection _913 |
||
| 700 |
_aGaston, Anthony J. _926909 |
||
| 942 | _cBK | ||
| 999 |
_c60882 _d60882 |
||